Îles canadiennes sur une carte - Statistiques

Statistiques générales
  • Ce quiz a été pris 1 331 fois
  • Le résultat moyen est 6 sur 12
Réponses sur la Carte
Les réponses sont colorées sur une échelle allant du rouge au vert en fonction du pourcentage des utilisateurs qui les ont devinées à leur premier essai. Vous pouvez retrouver ces pourcentages ci-dessous.
 
Statistiques - réponses
Île % Correct
Terre-Neuve
84%
Île-du-Prince-Édouard
71%
Île de Vancouver
70%
Île de Baffin
69%
Île de Montréal
58%
Île Victoria
51%
Île d'Ellesmere
38%
Île d'Anticosti
29%
Île Banks
27%
Île du Cap-Breton
25%
Île Devon
19%
Île Axel Heiberg
14%
Aucun quiz correspondant
Distribution des résultats
% des personnes avec chaque résultat
Percentile par nombre de réponses
Votre historique - résultats
Vous n’avez pas pris ce quiz